000 00372nam a2200145Ia 4500
008 130318s9999 xx 000 0 und d
020 _a8126103418
082 _a658.404 JIT/E
100 _aJitendra, M.D
245 _aEncyclopedia of project management. Vol 1
260 _bAnmol
_aNew Delhi
_c1999
300 _a264
650 _aENCYCLOPEDIA
650 _aPROJECT MANAGEMENT
999 _c664
_d664